| 000 | 00336nam a22001337a 4500 | ||
|---|---|---|---|
| 020 | _a9780123694072 | ||
| 082 |
_a621.3 _bSCH/RE |
||
| 100 |
_aSchowengerdt,Robert A. _91251 |
||
| 245 | _aRemote Sensing Models and Methods for Image Processing | ||
| 250 | _a3 | ||
| 260 |
_aAmsterdam _bAP & Elsevier _c2011 |
||
| 300 | _a515 | ||
| 942 | _cBBS | ||
| 999 |
_c14715 _d14715 |
||